Germanenrechte. Texte und Übersetzungen

Uloženo v:
Podrobná bibliografie
Hlavní autor: Edhardt, Karl Auguft (Autor)
Médium: Kniha
Jazyk:němčina
Vydáno: Weimar Verlag Hermann Böhlaus 1934
Edice:Schriften der Akademie für Deutches Redjt
Témata:
Tagy: Přidat tag
Žádné tagy, Buďte první, kdo vytvoří štítek k tomuto záznamu!

MARC

LEADER 00000nam a2200000 a 4500
001 UCR2867
003 CL-VaPUC
008 980116e19340000GW |||||||||||||||||ger|d
082 0 4 |a 349.43  |b EDH  |2 21 
100 0 |a Edhardt, Karl Auguft  |e author  |9 401309 
245 1 0 |a Germanenrechte. Texte und Übersetzungen 
300 |a 207 p 
942 |c BK 
945 |d 19980116 00:00:00  |a aolguin 
260 |a Weimar  |b Verlag Hermann Böhlaus  |c 1934 
650 0 |a Derecho alemán   |9 385144 
650 0 |a Historia del derecho  |9 255109 
650 0 |a Leyes  |9 256670 
651 7 |a IMPERIO CAROLINGIO  |2 CL-VaPUC  |9 401310 
583 |a last modification  |c 19980116 00:00:00  |k Rodrigo Vera 
490 0 |a Schriften der Akademie für Deutches Redjt 
999 |c 265989  |d 265987 
952 |0 0  |1 0  |4 0  |6 349_430000000000000_EDH_1934  |7 0  |8 DER_HIS  |9 297237  |a BIBDER  |b BIBDER  |d 2019-11-20  |i 1936476  |o 349.43 EDH 1934  |p 1936476  |r 2023-01-25  |w 2019-11-20  |x Ubicación 4to Piso  |y BK  |z Estos recursos deben solicitarse con anticipación  |k DER